Greater London Area Postcodes - Statistics

General Stats
  • This quiz has been taken 252 times
  • The average score is 13 of 20
Answers on the Map
Answers color-coded by a green-red scale on the quiz's map according to % correct below.
 
Answer Stats
Answer % Correct
E (Eastern)
98%
N (Northern)
98%
SE (South Eastern)
97%
SW (South Western)
97%
W (Western and Paddington)
97%
NW (North Western)
88%
CR (Croydon)
77%
BR (Bromley)
66%
EC (Eastern Central)
65%
HA (Harrow)
65%
WC (Western Central)
64%
EN (Enfield)
61%
RM (Romford)
47%
KT (Kingston upon Thames)
46%
TW (Twickenham)
45%
DA (Dartford)
43%
UB (Southall)
39%
IG (Ilford)
31%
WD (Watford)
30%
SM (Sutton)
29%
No matching quizzes found
Score Distribution
Percent of People with Each Score
Percentile by Number Answered
Your Score History
You have not taken this quiz